000 01401cam a2200277 4500
001 ABS67002
008 030829n2003 000 0 eng u
035 _a(Sirsi) u123406
100 _aMurdoch, S.
245 _aHome improvements
260 _c2003
490 _aEstates Gazette
_v(0319) 19 July 2003, 117(1)
520 _aDiscusses the problems involved in regard to the assumption relating to tenant's improvements in respect of the valuation formula under the Leasehold Reform Act 1967 in light of the recent HL judgment in "John Lyon's Charity v Shalson" ([2003] 27 EG 139, Abs 67000) The judgment upheld that the price of acquiring the freehold of a higher value house must be reduced to reflect the value added by tenant's improvements. These improvements are those carried out by the tenant or any predecessor in title at their own expense, provided that, at the valuation date, the house would, but for the existence of the improvement, be worth less.
590 _aABS
650 _aRESTRICTIVE COVENANTS
650 _aRECONVERSION
650 _aDISREGARDS
650 _aLEASEHOLD ENFRANCHISEMENT
650 _aHOUSE CONVERSIONS
650 _aFREEHOLD
650 _aLEASEHOLD REFORM ACT 1967 S9(1A)(D)
650 _aLEASEHOLD REFORM ACT 1967 S21(1A)
650 _aJOHN LYON'S CHARITY V SHALSON
690 _aLANDLORD AND TENANT-LEASEHOLD REFORM-CASE LAW
942 _n0
999 _c73302
_d73302